| 000 | 01228cam a22003617a 4500 | ||
|---|---|---|---|
| 003 | CHAP | ||
| 005 | 20220329135055.0 | ||
| 008 | 971013s1981 r 00010 d | ||
| 010 | _a30508 | ||
| 011 | _a31480 | ||
| 035 | _a35592 | ||
| 040 | _cCHAP | ||
| 082 |
_a635.8 _bM36 |
||
| 100 | 0 | 0 |
_aMapes, Cristina. _971134 |
| 245 | 1 | 3 | _aEl conocimiento y uso de los hongos en la cuenca del Lago de Pátzcuaro, Michoacán |
| 260 |
_aMéxico, D.F. : _bDirección General de Culturas Populares, _c1981 |
||
| 300 |
_a79 p. _b: ilus |
||
| 490 | 0 | _aEtnomicología Purépecha | |
| 500 | _aPresenta también serie Etnociencia. Cuadernos de Etnobiología | ||
| 590 |
_aBATCH-UPD _b10 _c20130110 _lUCH01 _h0020 |
||
| 590 |
_aBATCH-UPD _b10 _c20130110 _lUCH01 _h1112 |
||
| 590 |
_aBATCH-UPD _b10 _c20130410 _lUCH01 _h0703 |
||
| 590 |
_aBATCH-UPD _b10 _c20130914 _lUCH01 _h0800 |
||
| 590 |
_aCONVERSION _b10 _c20130109 _lUCH01 _h1317 |
||
| 650 | 1 | 4 |
_aHongos _xIdentificación. _956105 |
| 650 | 1 | 4 |
_aSetas. _9105368 |
| 700 | 0 |
_aCaballero, Javier. _916597 |
|
| 700 | 0 |
_aGuzmán Huerta, Gastón. _951965 |
|
| 830 | 0 |
_aEtnomicología Purépecha _938667 |
|
| 901 | _aBK | ||
| 942 | _cLIBRO | ||
| 949 |
_a635.8 M36 _bBC _cC _d33724000648374 _eC _i35592 _si |
||
| 999 |
_c30508 _d30508 |
||